[Event "13th World Teams Pool B"]
[Site "Jerusalem ISR"]
[Date "2022.11.22"]
[Round "5.2"]
[White "Nigmatov, Ortik"]
[Black "Bartel, Mateusz"]
[Result "1/2-1/2"]
[WhiteElo "2433"]
[BlackElo "2627"]
[PlyCount "103"]
[EventDate "2022.11.20"]
[SourceTitle "Ajedrez en Madrid"]
[Source "lmi"]
[SourceDate "2022.11.20"]
[SourceVersion "1"]
[SourceVersionDate "2022.11.25"]
[SourceQuality "1"]
[WhiteTeam "Uzbekistan"]
[BlackTeam "Poland"]
[WhiteTeamCountry "UZB"]
[BlackTeamCountry "POL"]

1. e4 e5 2. Nf3 Nc6 3. Bc4 Nf6 4. d3 Bc5 5. O-O d6 6. c3 a5 7. Nbd2 O-O 8. h3 h6 9. Re1 Bd7 10. Nf1 a4 11. Bb5 Ne7 12. Bxd7 Qxd7 13. d4 Bb6 14. Ng3 Ng6 15. Be3 Rfe8 16. Qc2 Qc6 17. Rad1 d5 18. Nxe5 Nxe5 19. dxe5 Rxe5 20. Bf4 Re6 21. e5 Nd7 22. Qd2 Qc4 23. Nf5 Rae8 24. Nd4 Bxd4 25. cxd4 Qxa2 26. Ra1 Qb3 27. Ra3 Qb5 28. Rg3 Kh8 29. Be3 Rb6 30. Qc2 Qc6 31. Qf5 Qe6 32. Qh5 Kh7 33. Rc1 Rc6 34. Ra1 b5 35. Ra3 Rf8 36. Bd2 f5 37. exf6 Rxf6 38. Rae3 Qf7 39. Qe2 Rce6 40. Qxb5 Nb6 41. Bc1 Rc6 42. Qd3+ Kg8 43. Re1 Nc4 44. f3 Rce6 45. Rxe6 Qxe6 46. Kh2 Qd6 47. Qc2 Re6 48. Qxa4 Ne3 49. Bxe3 Rxe3 50. Qa8+ Kh7 51. Qc8 Qf4 52. Qd7 1/2-1/2

[Event "13th World Teams Pool B"]
[Site "Jerusalem ISR"]
[Date "2022.11.22"]
[Round "5.2"]
[White "Gumularz, Szymon"]
[Black "Abdisalimov, Abdimalik"]
[Result "1-0"]
[WhiteElo "2561"]
[BlackElo "2457"]
[PlyCount "61"]
[EventDate "2022.11.20"]
[SourceTitle "Ajedrez en Madrid"]
[Source "lmi"]
[SourceDate "2022.11.20"]
[SourceVersion "1"]
[SourceVersionDate "2022.11.25"]
[SourceQuality "1"]
[WhiteTeam "Poland"]
[BlackTeam "Uzbekistan"]
[WhiteTeamCountry "POL"]
[BlackTeamCountry "UZB"]

1. d4 Nf6 2. Nf3 g6 3. g3 Bg7 4. Bg2 O-O 5. O-O d6 6. c4 Ne4 7. Qc2 f5 8. Rd1 Qe8 9. Nc3 Nxc3 10. bxc3 Nc6 11. c5 dxc5 12. Ba3 b6 13. dxc5 Bd7 14. Ng5 Bf6 15. Rxd7 Qxd7 16. Rd1 Qe8 17. Bd5+ Kh8 18. Ne6 Qd7 19. Qa4 b5 20. Qxb5 Rab8 21. Qxc6 Qxc6 22. Bxc6 Rg8 23. Bb4 a5 24. Bxa5 Rb2 25. Bf3 c6 26. Bxc6 Rxa2 27. Bb4 Rxe2 28. Bd7 Re4 29. c6 Rc4 30. c7 Bxc3 31. Bc5 1-0

[Event "13th World Teams Pool B"]
[Site "Jerusalem ISR"]
[Date "2022.11.22"]
[Round "5.3"]
[White "Niemann, Hans Moke"]
[Black "Vidit, Santosh Gujrathi"]
[Result "0-1"]
[WhiteElo "2699"]
[BlackElo "2724"]
[PlyCount "74"]
[EventDate "2022.11.20"]
[SourceTitle "Ajedrez en Madrid"]
[Source "lmi"]
[SourceDate "2022.11.20"]
[SourceVersion "1"]
[SourceVersionDate "2022.11.25"]
[SourceQuality "1"]
[WhiteTeam "United States"]
[BlackTeam "India"]
[WhiteTeamCountry "USA"]
[BlackTeamCountry "IND"]

1. Nf3 d5 2. e3 Nf6 3. b3 Bf5 4. Be2 h6 5. Ba3 Nbd7 6. c4 c6 7. O-O e5 8. Bxf8 Kxf8 9. Nc3 Qe7 10. d4 e4 11. Nd2 h5 12. Re1 g6 13. a4 Kg7 14. Qc1 a6 15. Qa3 Qe6 16. Bf1 h4 17. h3 g5 18. f3 Rae8 19. cxd5 cxd5 20. fxe4 Bxe4 21. Ndxe4 Nxe4 22. Nxe4 Qxe4 23. Qb4 Rb8 24. Rac1 Nf6 25. Rc7 g4 26. Re2 g3 27. Rxb7 a5 28. Qb6 Rxb7 29. Qxb7 Qf5 30. Qc7 Rc8 31. Qe5 Qxe5 32. dxe5 Ne4 33. Rb2 Rc1 34. b4 axb4 35. a5 b3 36. a6 Ra1 37. a7 Nc5 0-1

[Event "13th World Teams Pool B"]
[Site "Jerusalem ISR"]
[Date "2022.11.22"]
[Round "5.3"]
[White "Nihal, Sarin"]
[Black "Onischuk, Alexander"]
[Result "1/2-1/2"]
[WhiteElo "2670"]
[BlackElo "2640"]
[PlyCount "98"]
[EventDate "2022.11.20"]
[SourceTitle "Ajedrez en Madrid"]
[Source "lmi"]
[SourceDate "2022.11.20"]
[SourceVersion "1"]
[SourceVersionDate "2022.11.25"]
[SourceQuality "1"]
[WhiteTeam "India"]
[BlackTeam "United States"]
[WhiteTeamCountry "IND"]
[BlackTeamCountry "USA"]

1. d4 Nf6 2. c4 e6 3. Nc3 Bb4 4. e3 O-O 5. Bd2 d5 6. Nf3 b6 7. cxd5 exd5 8. Rc1 Be7 9. Bd3 Bb7 10. O-O c5 11. Ne5 a6 12. Be1 Nc6 13. f4 cxd4 14. Nxc6 Bxc6 15. exd4 Ne4 16. Bxe4 dxe4 17. d5 Bc5+ 18. Kh1 Bb7 19. Nxe4 Qxd5 20. Qxd5 Bxd5 21. Nxc5 bxc5 22. a3 c4 23. Ba5 Be4 24. Rfe1 Bd3 25. Re7 Rab8 26. Bc3 Rfe8 27. Rce1 Rxe7 28. Rxe7 h6 29. g4 Rb6 30. Re8+ Kh7 31. f5 h5 32. h3 hxg4 33. hxg4 f6 34. Kg2 Rd6 35. Kg3 Bc2 36. Re7 Kg8 37. Rc7 Rd1 38. Rxc4 Rg1+ 39. Kf2 Rf1+ 40. Kg2 Bd3 41. Rd4 Rd1 42. Kf2 Bc2 43. Rb4 Kh7 44. Rd4 Rxd4 45. Bxd4 Bb3 46. Ke3 Kg8 47. Kf4 Kf7 48. Bc3 g6 49. fxg6+ Kxg6 1/2-1/2

[Event "13th World Teams Pool B"]
[Site "Jerusalem ISR"]
[Date "2022.11.22"]
[Round "5.3"]
[White "Akobian, Varuzhan"]
[Black "Narayanan, S.L."]
[Result "0-1"]
[WhiteElo "2591"]
[BlackElo "2673"]
[PlyCount "76"]
[EventDate "2022.11.20"]
[SourceTitle "Ajedrez en Madrid"]
[Source "lmi"]
[SourceDate "2022.11.20"]
[SourceVersion "1"]
[SourceVersionDate "2022.11.25"]
[SourceQuality "1"]
[WhiteTeam "United States"]
[BlackTeam "India"]
[WhiteTeamCountry "USA"]
[BlackTeamCountry "IND"]

1. d4 Nf6 2. c4 e6 3. Nc3 Bb4 4. e3 O-O 5. Bd3 d5 6. Nf3 c5 7. O-O dxc4 8. Bxc4 a6 9. a3 Bxc3 10. bxc3 b5 11. Bd3 Bb7 12. a4 c4 13. Bc2 Nbd7 14. Ba3 Re8 15. Qb1 Bxf3 16. gxf3 Qb6 17. f4 g6 18. e4 Nh5 19. Bc1 Qc7 20. e5 Nb6 21. axb5 axb5 22. Rxa8 Rxa8 23. Be4 Rb8 24. f5 exf5 25. Bf3 Qd7 26. Ba3 Nf4 27. Bd6 Rc8 28. Qa1 Nh3+ 29. Kh1 Ng5 30. Bg2 f4 31. f3 Nd5 32. h4 Ne6 33. Bh3 Ne3 34. Rf2 Qd8 35. Bxe6 fxe6 36. Rh2 Ra8 37. Qb1 Ra6 38. Qe1 Qa8 0-1

[Event "13th World Teams Pool B"]
[Site "Jerusalem ISR"]
[Date "2022.11.22"]
[Round "5.3"]
[White "Sethuraman, S.P."]
[Black "Quesada Perez, Yuniesky"]
[Result "1/2-1/2"]
[WhiteElo "2643"]
[BlackElo "2583"]
[PlyCount "145"]
[EventDate "2022.11.20"]
[SourceTitle "Ajedrez en Madrid"]
[Source "lmi"]
[SourceDate "2022.11.20"]
[SourceVersion "1"]
[SourceVersionDate "2022.11.25"]
[SourceQuality "1"]
[WhiteTeam "India"]
[BlackTeam "United States"]
[WhiteTeamCountry "IND"]
[BlackTeamCountry "USA"]

1. e4 e5 2. Nf3 Nc6 3. d4 exd4 4. Nxd4 Bc5 5. Nb3 Bb6 6. Nc3 d6 7. Bf4 Nf6 8. Qd2 Be6 9. O-O-O a6 10. f3 h6 11. Bg3 Qd7 12. f4 O-O-O 13. Bh4 g5 14. Bf2 Bxf2 15. Qxf2 Ng4 16. Qd2 gxf4 17. Qxf4 Qe7 18. g3 Qg5 19. Rd2 Qxf4 20. gxf4 f5 21. Bd3 Rdf8 22. Rf1 fxe4 23. Bxe4 Nf6 24. Bf3 Rhg8 25. Re1 Bg4 26. Rf2 Bxf3 27. Rxf3 Rg2 28. Re2 Rg1+ 29. Kd2 Kd7 30. Re1 Rg4 31. Ref1 Ne7 32. Nd4 c5 33. Nde2 Nf5 34. Rh3 b5 35. Ng3 Nxg3 36. hxg3 b4 37. Ne2 h5 38. f5 Rg5 39. Rh4 Re8 40. Rf3 Re5 41. Rhf4 Nd5 42. Rh4 Rgxf5 43. Rxf5 Rxf5 44. a3 a5 45. axb4 axb4 46. c3 Rg5 47. cxb4 Nxb4 48. Ke3 Re5+ 49. Kd2 Nd5 50. Nf4 Nf6 51. Ne2 Kc6 52. b4 Ne4+ 53. Kd3 Nf2+ 54. Kd2 Rd5+ 55. Kc2 Rg5 56. bxc5 dxc5 57. Nf4 Rxg3 58. Rxh5 Ne4 59. Nd3 Rg2+ 60. Kc1 Kb5 61. Nxc5 Nxc5 62. Rh4 Nd3+ 63. Kd1 Nb2+ 64. Ke1 Nc4 65. Re4 Kc5 66. Re2 Rg8 67. Kf2 Kd4 68. Ra2 Rh8 69. Kg3 Ne5 70. Ra4+ Ke3 71. Ra3+ Nd3 72. Kg4 Rg8+ 73. Kf5 1/2-1/2

[Event "13th World Teams Play-off"]
[Site "Jerusalem ISR"]
[Date "2022.11.23"]
[Round "1.1"]
[White "Lu, Shanglei"]
[Black "Wojtaszek, Radoslaw"]
[Result "1-0"]
[WhiteElo "2605"]
[BlackElo "2686"]
[PlyCount "57"]
[EventDate "2022.11.23"]
[SourceTitle "Ajedrez en Madrid"]
[Source "lmi"]
[SourceDate "2022.11.20"]
[SourceVersion "1"]
[SourceVersionDate "2022.11.25"]
[SourceQuality "1"]
[WhiteTeam "China"]
[BlackTeam "Poland"]
[WhiteTeamCountry "CHN"]
[BlackTeamCountry "POL"]

1. e4 e5 2. Nf3 Nc6 3. Bb5 a6 4. Ba4 Nf6 5. O-O Be7 6. Re1 b5 7. Bb3 O-O 8. c3 d5 9. exd5 Nxd5 10. Nxe5 Nxe5 11. Rxe5 c6 12. d3 Bd6 13. Re1 Qh4 14. g3 Qh3 15. Qf3 Bg4 16. Qg2 Qh5 17. Be3 Bf3 18. Qf1 f5 19. Nd2 f4 20. Bxf4 Rxf4 21. c4 Rf6 22. Nxf3 Nf4 23. c5+ Kh8 24. Bd1 Nh3+ 25. Kg2 Bxc5 26. d4 Bxd4 27. Nxd4 Qd5+ 28. Nf3 Ng5 29. Re5 1-0

[Event "13th World Teams Play-off"]
[Site "Jerusalem ISR"]
[Date "2022.11.23"]
[Round "1.1"]
[White "Piorun, Kacper"]
[Black "Xu, Xiangyu"]
[Result "1/2-1/2"]
[WhiteElo "2611"]
[BlackElo "2577"]
[PlyCount "63"]
[EventDate "2022.11.23"]
[SourceTitle "Ajedrez en Madrid"]
[Source "lmi"]
[SourceDate "2022.11.20"]
[SourceVersion "1"]
[SourceVersionDate "2022.11.25"]
[SourceQuality "1"]
[WhiteTeam "Poland"]
[BlackTeam "China"]
[WhiteTeamCountry "POL"]
[BlackTeamCountry "CHN"]

1. e4 c5 2. Nf3 e6 3. d4 cxd4 4. Nxd4 Nf6 5. Nc3 Nc6 6. Ndb5 Bb4 7. a3 Bxc3+ 8. Nxc3 d5 9. exd5 exd5 10. Bd3 O-O 11. O-O Bg4 12. f3 Bh5 13. Bg5 Qb6+ 14. Kh1 Ne4 15. Nxe4 dxe4 16. Bxe4 Qxb2 17. Qd5 Bg6 18. Bxg6 hxg6 19. Rab1 Qxa3 20. Rxb7 Qa6 21. Rfb1 Rae8 22. h4 Re1+ 23. Kh2 Rxb1 24. Rxb1 Re8 25. c4 Ne5 26. Rb7 Qxc4 27. Qxc4 Nxc4 28. Rxa7 f6 29. Bf4 Nb6 30. Ra5 Rc8 31. Rb5 Rc6 32. Bc7 1/2-1/2

[Event "13th World Teams Play-off"]
[Site "Jerusalem ISR"]
[Date "2022.11.23"]
[Round "1.1"]
[White "Bai, Jinshi"]
[Black "Bartel, Mateusz"]
[Result "1-0"]
[WhiteElo "2569"]
[BlackElo "2627"]
[PlyCount "95"]
[EventDate "2022.11.23"]
[SourceTitle "Ajedrez en Madrid"]
[Source "lmi"]
[SourceDate "2022.11.20"]
[SourceVersion "1"]
[SourceVersionDate "2022.11.25"]
[SourceQuality "1"]
[WhiteTeam "China"]
[BlackTeam "Poland"]
[WhiteTeamCountry "CHN"]
[BlackTeamCountry "POL"]

1. Nf3 d5 2. g3 g6 3. Bg2 Bg7 4. d4 c6 5. O-O Nf6 6. c4 dxc4 7. a4 Ne4 8. Qc2 Nd6 9. Na3 Na6 10. Nxc4 Nb4 11. Qb3 Be6 12. Qxb4 Bxc4 13. Ne5 Be6 14. a5 a6 15. Rd1 O-O 16. Bf4 Bd5 17. e4 Nxe4 18. Qxb7 Rb8 19. Qxa6 Rxb2 20. Be3 Nc3 21. Bxd5 Bxe5 22. Qxc6 Nxd1 23. Rxd1 Bg7 24. a6 Rb6 25. Qc4 Rxa6 26. Bxf7+ Rxf7 27. Qxa6 Qd5 28. Qc8+ Rf8 29. Qc5 Qf3 30. Re1 Bf6 31. Bf4 h5 32. Qb6 h4 33. Qe6+ Kh7 34. d5 g5 35. d6 gxf4 36. dxe7 fxg3 37. exf8=N+ Kg7 38. Qd7+ Kg8 39. Qe6+ Kxf8 40. hxg3 hxg3 41. Qd6+ Kf7 42. Qxg3 Qd5 43. Qg4 Qd3 44. Qh5+ Kg7 45. Qg4+ Kf7 46. Qe6+ Kg7 47. Re3 Qd1+ 48. Kg2 1-0

[Event "13th World Teams Play-off"]
[Site "Jerusalem ISR"]
[Date "2022.11.23"]
[Round "1.1"]
[White "Gumularz, Szymon"]
[Black "Li, Di"]
[Result "1-0"]
[WhiteElo "2561"]
[BlackElo "2539"]
[PlyCount "91"]
[EventDate "2022.11.23"]
[SourceTitle "Ajedrez en Madrid"]
[Source "lmi"]
[SourceDate "2022.11.20"]
[SourceVersion "1"]
[SourceVersionDate "2022.11.25"]
[SourceQuality "1"]
[WhiteTeam "Poland"]
[BlackTeam "China"]
[WhiteTeamCountry "POL"]
[BlackTeamCountry "CHN"]

1. d4 Nf6 2. c4 e6 3. Nc3 d5 4. cxd5 exd5 5. Bf4 Bd6 6. Bxd6 Qxd6 7. e3 Bf5 8. Nge2 h5 9. Nf4 Nbd7 10. Qb3 c6 11. Bd3 Bxd3 12. Nxd3 Rb8 13. O-O-O O-O 14. h3 h4 15. Kb1 Rfe8 16. Qc2 Nh5 17. Rhg1 g6 18. Ne2 Ndf6 19. g3 hxg3 20. Nxg3 Kf8 21. Nxh5 Nxh5 22. Ne5 Re6 23. f4 Ng7 24. h4 Rf6 25. Rg5 Ke7 26. e4 Ne6 27. Nxg6+ Rxg6 28. e5 Qb4 29. Rxg6 Nxd4 30. Qf2 fxg6 31. Rxd4 Qb6 32. h5 gxh5 33. Qh4+ Kd7 34. Qf6 Rf8 35. e6+ Ke8 36. Qg7 Qd8 37. Qg6+ Ke7 38. f5 Rg8 39. Qf7+ Kd6 40. Rd1 Rg2 41. Qxb7 Qf6 42. Qd7+ Ke5 43. Qc7+ Ke4 44. Re1+ Kf3 45. Rf1+ Ke2 46. Qf4 1-0

[Event "13th World Teams Play-off"]
[Site "Jerusalem ISR"]
[Date "2022.11.23"]
[Round "1.1"]
[White "Santos Latasa, Jaime"]
[Black "Mamedyarov, Shakhriyar"]
[Result "1/2-1/2"]
[WhiteElo "2665"]
[BlackElo "2741"]
[PlyCount "66"]
[EventDate "2022.11.23"]
[SourceTitle "Ajedrez en Madrid"]
[Source "lmi"]
[SourceDate "2022.11.20"]
[SourceVersion "1"]
[SourceVersionDate "2022.11.25"]
[SourceQuality "1"]
[WhiteTeam "Spain"]
[BlackTeam "Azerbaijan"]
[WhiteTeamCountry "ESP"]
[BlackTeamCountry "AZE"]

1. e4 e5 2. Nf3 Nc6 3. Bb5 a6 4. Ba4 Nf6 5. O-O Nxe4 6. d4 b5 7. Bb3 d5 8. dxe5 Be6 9. Be3 Be7 10. c3 Qd7 11. Nbd2 Rd8 12. Re1 O-O 13. Bc2 Bf5 14. Qb1 Nxd2 15. Bxd2 Bxc2 16. Qxc2 d4 17. cxd4 Nxd4 18. Nxd4 Qxd4 19. Ba5 Qd5 20. a3 Rc8 21. h3 c5 22. Rad1 Qc6 23. Rd3 Rfe8 24. Qd2 c4 25. Rd5 c3 26. Bxc3 Bxa3 27. Rd1 Bf8 28. Qd4 Qc4 29. Qxc4 Rxc4 30. Rd8 Rc8 31. Rxe8 Rxe8 32. Rd7 h5 33. f4 Rc8 1/2-1/2

[Event "13th World Teams Play-off"]
[Site "Jerusalem ISR"]
[Date "2022.11.23"]
[Round "1.1"]
[White "Radjabov, Teimour"]
[Black "Anton Guijarro, David"]
[Result "1/2-1/2"]
[WhiteElo "2747"]
[BlackElo "2668"]
[PlyCount "86"]
[EventDate "2022.11.23"]
[SourceTitle "Ajedrez en Madrid"]
[Source "lmi"]
[SourceDate "2022.11.20"]
[SourceVersion "1"]
[SourceVersionDate "2022.11.25"]
[SourceQuality "1"]
[WhiteTeam "Azerbaijan"]
[BlackTeam "Spain"]
[WhiteTeamCountry "AZE"]
[BlackTeamCountry "ESP"]

1. d4 Nf6 2. c4 e6 3. Nf3 d5 4. Nc3 Bb4 5. Qa4+ Nc6 6. e3 O-O 7. Qc2 Re8 8. Bd2 a6 9. a3 Bd6 10. Rd1 Bd7 11. h3 h6 12. c5 Bf8 13. Ne5 Nxe5 14. dxe5 Ne4 15. Nxe4 dxe4 16. Ba5 Qc8 17. Qxe4 Bc6 18. Qg4 Rd8 19. Bd3 Rd5 20. Bc3 Bxc5 21. O-O Qe8 22. Be4 Rdd8 23. Kh2 Be7 24. Bxc6 Qxc6 25. Rc1 Rd7 26. b4 Rad8 27. Bd4 Qd5 28. f4 Qe4 29. Rc3 b6 30. Rfc1 c5 31. bxc5 bxc5 32. Bxc5 Bxc5 33. Rxc5 Qxe3 34. R1c3 Rd3 35. Rc8 Qd4 36. Rxd3 Qxd3 37. Qf3 Qd7 38. Ra8 Qd4 39. Rxa6 g5 40. a4 Qxf4+ 41. Qxf4 gxf4 42. Rd6 Ra8 43. Rd4 Ra5 1/2-1/2

[Event "13th World Teams Play-off"]
[Site "Jerusalem ISR"]
[Date "2022.11.23"]
[Round "1.1"]
[White "Shirov, Alexei"]
[Black "Guseinov, Gadir"]
[Result "1/2-1/2"]
[WhiteElo "2666"]
[BlackElo "2661"]
[PlyCount "51"]
[EventDate "2022.11.23"]
[SourceTitle "Ajedrez en Madrid"]
[Source "lmi"]
[SourceDate "2022.11.20"]
[SourceVersion "1"]
[SourceVersionDate "2022.11.25"]
[SourceQuality "1"]
[WhiteTeam "Spain"]
[BlackTeam "Azerbaijan"]
[WhiteTeamCountry "ESP"]
[BlackTeamCountry "AZE"]

1. e4 c5 2. Nf3 e6 3. d4 cxd4 4. Nxd4 Nf6 5. Nc3 Nc6 6. Nxc6 bxc6 7. e5 Nd5 8. Ne4 Bb7 9. c4 Nb4 10. c5 Qb8 11. f4 Ba6 12. a3 Bxf1 13. Rxf1 Nd5 14. Rf3 Be7 15. Qc2 f5 16. exf6 Nxf6 17. Ng5 O-O 18. Rh3 h6 19. Rxh6 gxh6 20. Qg6+ Kh8 21. Qxh6+ Kg8 22. Qg6+ Kh8 23. Qh6+ Kg8 24. Qg6+ Kh8 25. Qh6+ Kg8 26. Qg6+ 1/2-1/2

[Event "13th World Teams Play-off"]
[Site "Jerusalem ISR"]
[Date "2022.11.23"]
[Round "1.1"]
[White "Mamedov, Rauf"]
[Black "Yuffa, Daniil"]
[Result "1/2-1/2"]
[WhiteElo "2646"]
[BlackElo "2587"]
[PlyCount "56"]
[EventDate "2022.11.23"]
[SourceTitle "Ajedrez en Madrid"]
[Source "lmi"]
[SourceDate "2022.11.20"]
[SourceVersion "1"]
[SourceVersionDate "2022.11.25"]
[SourceQuality "1"]
[WhiteTeam "Azerbaijan"]
[BlackTeam "Spain"]
[WhiteTeamCountry "AZE"]
[BlackTeamCountry "ESP"]

1. Nf3 d5 2. g3 Nd7 3. d4 Nb6 4. Nbd2 Nf6 5. Bg2 c6 6. O-O Bf5 7. Nh4 Bg4 8. h3 Be6 9. Nhf3 Bf5 10. Re1 e6 11. Ne5 Bd6 12. c4 Nbd7 13. g4 Bg6 14. Nxg6 hxg6 15. Qb3 Qc7 16. cxd5 cxd5 17. e4 dxe4 18. Nxe4 Nxe4 19. Bxe4 Nb6 20. Bxg6 fxg6 21. Rxe6+ Kd7 22. Rxg6 Qc4 23. Rxg7+ Kc6 24. Qf3+ Qd5 25. Qc3+ Qc4 26. Qf3+ Qd5 27. Qc3+ Qc4 28. Qf3+ Qd5 1/2-1/2

[Event "13th World Teams Play-off"]
[Site "Jerusalem ISR"]
[Date "2022.11.23"]
[Round "1.1"]
[White "Ivanchuk, Vasyl"]
[Black "Yakubboev, Nodirbek"]
[Result "1/2-1/2"]
[WhiteElo "2673"]
[BlackElo "2667"]
[PlyCount "61"]
[EventDate "2022.11.23"]
[SourceTitle "Ajedrez en Madrid"]
[Source "lmi"]
[SourceDate "2022.11.20"]
[SourceVersion "1"]
[SourceVersionDate "2022.11.25"]
[SourceQuality "1"]
[WhiteTeam "Ukraine"]
[BlackTeam "Uzbekistan"]
[WhiteTeamCountry "UKR"]
[BlackTeamCountry "UZB"]

1. d4 Nf6 2. c4 g6 3. Nc3 Bg7 4. e4 d6 5. Nf3 O-O 6. Be2 Na6 7. O-O e5 8. Be3 Qe7 9. Nd2 exd4 10. Bxd4 Nc5 11. Re1 c6 12. Bf1 Ne6 13. Be3 h5 14. h3 h4 15. Rc1 Nh5 16. Nf3 Nef4 17. Qd2 Be5 18. Rcd1 Be6 19. Nd5 cxd5 20. exd5 Bxh3 21. Bxf4 Nxf4 22. Qxf4 Bxf4 23. Rxe7 Bc8 24. b4 a5 25. b5 b6 26. Nxh4 Bg5 27. Re4 f5 28. Red4 Kf7 29. Nf3 Bf6 30. R4d2 Ra7 31. Nd4 1/2-1/2

[Event "13th World Teams Play-off"]
[Site "Jerusalem ISR"]
[Date "2022.11.23"]
[Round "1.1"]
[White "Sindarov, Javokhir"]
[Black "Shevchenko, Kirill"]
[Result "1-0"]
[WhiteElo "2654"]
[BlackElo "2649"]
[PlyCount "99"]
[EventDate "2022.11.23"]
[SourceTitle "Ajedrez en Madrid"]
[Source "lmi"]
[SourceDate "2022.11.20"]
[SourceVersion "1"]
[SourceVersionDate "2022.11.25"]
[SourceQuality "1"]
[WhiteTeam "Uzbekistan"]
[BlackTeam "Ukraine"]
[WhiteTeamCountry "UZB"]
[BlackTeamCountry "UKR"]

1. e4 c5 2. Nc3 Nc6 3. Nge2 d6 4. d4 cxd4 5. Nxd4 Nf6 6. Bc4 Bd7 7. Nxc6 Bxc6 8. Qe2 g6 9. Bg5 Bg7 10. O-O-O O-O 11. h4 Qa5 12. Bb3 Rac8 13. g4 e6 14. Bd2 Qc5 15. h5 d5 16. e5 Ne4 17. hxg6 hxg6 18. f4 Qf2 19. Be3 Qxe2 20. Nxe2 g5 21. Rh5 Bb5 22. Nd4 gxf4 23. Bxf4 Bc4 24. c3 b5 25. Bc2 b4 26. cxb4 Rfe8 27. b3 Nc3 28. Rd2 Ba6 29. Kb2 Ne4 30. Rdh2 Rc7 31. b5 Bb7 32. Bh6 Bxh6 33. Rxh6 Kf8 34. Rh7 Ng5 35. R7h5 Ne4 36. Rh7 Ng5 37. Rh8+ Ke7 38. Rxe8+ Kxe8 39. Rh5 Ne4 40. g5 Kf8 41. g6 fxg6 42. Nxe6+ Kg8 43. Rh6 Re7 44. Bxe4 Rxe6 45. Bxg6 Bc8 46. Bh7+ Kf7 47. Rh5 Re8 48. Kc3 Be6 49. Bd3 Rc8+ 50. Kd4 1-0

[Event "13th World Teams Play-off"]
[Site "Jerusalem ISR"]
[Date "2022.11.23"]
[Round "1.1"]
[White "Volokitin, Andrei"]
[Black "Vokhidov, Shamsiddin"]
[Result "1/2-1/2"]
[WhiteElo "2663"]
[BlackElo "2568"]
[PlyCount "176"]
[EventDate "2022.11.23"]
[SourceTitle "Ajedrez en Madrid"]
[Source "lmi"]
[SourceDate "2022.11.20"]
[SourceVersion "1"]
[SourceVersionDate "2022.11.25"]
[SourceQuality "1"]
[WhiteTeam "Ukraine"]
[BlackTeam "Uzbekistan"]
[WhiteTeamCountry "UKR"]
[BlackTeamCountry "UZB"]

1. e4 e5 2. Nf3 Nc6 3. Bc4 Bc5 4. c3 Nf6 5. d4 exd4 6. e5 d5 7. Bb5 Ne4 8. cxd4 Bb6 9. Nc3 O-O 10. Be3 Bg4 11. h3 Bh5 12. Qc2 Bg6 13. Qb3 Ne7 14. O-O c6 15. Bd3 Nxc3 16. Qxc3 Bxd3 17. Qxd3 Ng6 18. Bg5 Qd7 19. a4 Bd8 20. Bxd8 Raxd8 21. a5 f6 22. Rfe1 Rde8 23. exf6 Rxf6 24. Ne5 Qd6 25. Nxg6 Rxe1+ 26. Rxe1 hxg6 27. Re8+ Kh7 28. Qe3 Qb4 29. Qc3 Qxc3 30. bxc3 c5 31. Re7 Ra6 32. Rxb7 Rxa5 33. Rd7 cxd4 34. cxd4 Ra1+ 35. Kh2 a5 36. Rxd5 a4 37. Ra5 a3 38. Kg3 Rd1 39. Rxa3 Rxd4 40. f4 Rd5 41. Kg4 Rd2 42. g3 Rd5 43. h4 Rc5 44. Re3 Rb5 45. Kf3 Rb1 46. Ke4 Rb5 47. Kd4 Ra5 48. Rb3 Kg8 49. Ke4 Kh7 50. Kf3 Rc5 51. Re3 Ra5 52. Re5 Ra3+ 53. Kg4 Rb3 54. Re6 Ra3 55. Re5 Rb3 56. Re2 Ra3 57. Rf2 Rb3 58. Rf3 Rb5 59. Re3 Ra5 60. Re5 Ra3 61. h5 gxh5+ 62. Rxh5+ Kg6 63. Rb5 Kf6 64. Rb6+ Kf7 65. f5 Rc3 66. Kf4 Rc1 67. g4 Rf1+ 68. Kg5 Rh1 69. Rb7+ Kg8 70. f6 gxf6+ 71. Kg6 Kf8 72. Rf7+ Kg8 73. Ra7 Kf8 74. Ra6 Rc1 75. Kxf6 Rc8 76. g5 Rb8 77. Kg6 Kg8 78. Kh6 Rc8 79. Ra7 Rb8 80. g6 Rc8 81. Rg7+ Kh8 82. Rf7 Kg8 83. Rd7 Rb8 84. Rd6 Ra8 85. g7 Rb8 86. Rf6 Ra8 87. Rf8+ Rxf8 88. gxf8=Q+ Kxf8 1/2-1/2

[Event "13th World Teams Play-off"]
[Site "Jerusalem ISR"]
[Date "2022.11.23"]
[Round "1.1"]
[White "Vakhidov, Jakhongir"]
[Black "Kovalenko, Igor"]
[Result "1-0"]
[WhiteElo "2607"]
[BlackElo "2674"]
[PlyCount "111"]
[EventDate "2022.11.23"]
[SourceTitle "Ajedrez en Madrid"]
[Source "lmi"]
[SourceDate "2022.11.20"]
[SourceVersion "1"]
[SourceVersionDate "2022.11.25"]
[SourceQuality "1"]
[WhiteTeam "Uzbekistan"]
[BlackTeam "Ukraine"]
[WhiteTeamCountry "UZB"]
[BlackTeamCountry "UKR"]

1. c4 e5 2. Nc3 Nf6 3. Nf3 Nc6 4. e4 d6 5. d4 Bg4 6. d5 Nd4 7. Be2 Nxe2 8. Qxe2 Be7 9. h3 Bd7 10. O-O O-O 11. Ne1 h6 12. f4 exf4 13. Bxf4 Nh7 14. Nd3 Bg5 15. Bg3 Bh4 16. Bh2 Bf6 17. e5 Bxe5 18. Nxe5 dxe5 19. Qxe5 Rc8 20. Qd4 b6 21. a4 a5 22. Rad1 Re8 23. Qf2 Qf6 24. Nb5 Qg6 25. Qg3 Qc2 26. b3 Ng5 27. Qd3 Qxd3 28. Rxd3 Bxb5 29. cxb5 Ne4 30. Re3 Nf6 31. Rxe8+ Rxe8 32. Rxf6 gxf6 33. Bxc7 Kf8 34. d6 Re1+ 35. Kf2 Rd1 36. Ke2 Rd5 37. Bxb6 Ke8 38. Bxa5 Rxd6 39. Bc7 Rd5 40. Bf4 Kd7 41. Bxh6 Rd4 42. Bd2 f5 43. Bc3 Rd5 44. Bd2 Rd4 45. g3 Kd6 46. h4 Re4+ 47. Kd3 Kc5 48. h5 Kd5 49. h6 f6 50. Bf4 Re7 51. b4 Re1 52. a5 Ra1 53. a6 Ra3+ 54. Kc2 Kc4 55. h7 Ra2+ 56. Kb1 1-0

[Event "13th World Teams Play-off"]
[Site "Jerusalem ISR"]
[Date "2022.11.23"]
[Round "1.1"]
[White "Vachier-Lagrave, Maxime"]
[Black "Vidit, Santosh Gujrathi"]
[Result "0-1"]
[WhiteElo "2736"]
[BlackElo "2724"]
[PlyCount "110"]
[EventDate "2022.11.23"]
[SourceTitle "Ajedrez en Madrid"]
[Source "lmi"]
[SourceDate "2022.11.20"]
[SourceVersion "1"]
[SourceVersionDate "2022.11.25"]
[SourceQuality "1"]
[WhiteTeam "France"]
[BlackTeam "India"]
[WhiteTeamCountry "FRA"]
[BlackTeamCountry "IND"]

1. c4 e5 2. g3 d5 3. cxd5 Qxd5 4. Nf3 Nc6 5. Nc3 Qd8 6. Bg2 Nf6 7. O-O h6 8. e3 Bd6 9. d4 exd4 10. Nxd4 Nxd4 11. Qxd4 Qe7 12. b3 Be5 13. Qd3 O-O 14. Bb2 Rd8 15. Qc2 c6 16. h3 Be6 17. f4 Bf5 18. Qc1 Bxc3 19. Qxc3 Be4 20. Rad1 Bxg2 21. Kxg2 Qe4+ 22. Kh2 Rxd1 23. Rxd1 Qf3 24. Qe1 Ne4 25. b4 b6 26. b5 cxb5 27. Rc1 Rd8 28. Bd4 b4 29. Rc2 a5 30. Qg1 b5 31. Qg2 Qxg2+ 32. Kxg2 Nc3 33. Kf3 f6 34. Bb6 Ra8 35. f5 Ra6 36. Bd4 Rd6 37. g4 h5 38. g5 fxg5 39. Rg2 Rd7 40. Rxg5 Nxa2 41. Ke4 b3 42. Kd3 b4 43. f6 Nc3 44. Rg2 a4 45. Kc4 Na2 46. Be5 Nc1 47. Bb2 Nd3 48. Ba1 b2 49. Bxb2 Nxb2+ 50. Rxb2 b3 51. Kb4 Ra7 52. Rg2 Rb7+ 53. Ka3 b2 54. Rxb2 Rxb2 55. Kxb2 g5 0-1